000
00333nam a2200133Ia 4500
008
210428s9999 xx 000 0 und d
020
_a
0-7106-1515-9
082
_a
660 J331 J
100
_a
K Henderson
_9
52180
245
0
_a
Marin Propulsion Issue Fifteen -April 2005
260
_b
Janes
_a
UK
_c
2005
300
_a
643P
942
_c
BK
999
_c
559946
_d
559946